[Event "North Bay int"]
[Site "North Bay CAN"]
[Date "1998.08.08"]
[Round "8"]
[White "Urquhart, Eddie"]
[Black "Campbell, Brett"]
[Result "1/2-1/2"]
[WhiteElo "2207"]
[BlackElo "2200"]
[PlyCount "130"]
[GameId "2160767911806767"]
[EventDate "1998.08.05"]
[EventType "swiss"]
[EventRounds "9"]
[EventCountry "CAN"]
[SourceTitle "EXT 99"]
[Source "ChessBase"]
[SourceDate "1998.11.10"]
[SourceVersion "1"]
[SourceVersionDate "1998.11.10"]
[SourceQuality "1"]

1. e4 g6 2. Nc3 Bg7 3. Bc4 d6 4. d3 c5 5. f4 Nc6 6. Nf3 e6 7. O-O Nge7 8. Qe1 Nd4 9. Nxd4 cxd4 10. Ne2 O-O 11. Bb3 f5 12. Rf3 Kh8 13. Rh3 Nc6 14. Bd2 Bd7 15. Kh1 h6 16. Ng1 fxe4 17. dxe4 Qf6 18. g4 Kg8 19. Nf3 g5 20. fxg5 hxg5 21. Nxg5 Qg6 22. Qh4 Rae8 23. Qh5 Rf6 24. Rg1 Ne5 25. Qxg6 Rxg6 26. Rhg3 Bc6 27. Re1 Bh6 28. h4 b5 29. Bf4 a5 30. Nxe6 Rexe6 31. Bxe5 dxe5 32. h5 a4 33. Bd5 Bf4 34. Rh3 Bxd5 35. exd5 Rd6 36. hxg6 Kg7 37. Kg2 Kxg6 38. Kf3 Rxd5 39. Ke4 Rc5 40. Re2 Kg5 41. Rg2 b4 42. Rh5+ Kg6 43. Rf5 a3 44. bxa3 bxa3 45. Rxf4 exf4 46. Kxf4 Rb5 47. Rg3 Rb2 48. Rxa3 Rxc2 49. Ra4 d3 50. Ra6+ Kg7 51. Ke3 d2 52. Ke2 Rb2 53. a4 Ra2 54. a5 Ra4 55. Kxd2 Rxg4 56. Kc3 Kf7 57. Rc6 Ke7 58. Kb3 Kd7 59. Rc2 Rg6 60. Kb4 Rc6 61. Rg2 Kc7 62. Kb5 Rh6 63. Rb2 Kb7 64. Kc5+ Ka7 65. Rb6 Rh5+ 1/2-1/2

[Event "North Bay int"]
[Site "North Bay CAN"]
[Date "1998.08.08"]
[Round "8"]
[White "Wen, Jean-Francois"]
[Black "Mayo, Alvah"]
[Result "0-1"]
[WhiteElo "2217"]
[BlackElo "2154"]
[PlyCount "60"]
[GameId "2160767911806768"]
[EventDate "1998.08.05"]
[EventType "swiss"]
[EventRounds "9"]
[EventCountry "CAN"]
[SourceTitle "EXT 99"]
[Source "ChessBase"]
[SourceDate "1998.11.10"]
[SourceVersion "1"]
[SourceVersionDate "1998.11.10"]
[SourceQuality "1"]

1. Nf3 Nc6 2. c4 e5 3. Nc3 Bc5 4. d3 d6 5. g3 Nge7 6. Bg2 f6 7. a3 Be6 8. b4 Bb6 9. b5 Nd4 10. e3 Nxf3+ 11. Bxf3 c6 12. O-O O-O 13. a4 Rc8 14. Ba3 Qd7 15. Bg2 f5 16. Rc1 f4 17. bxc6 bxc6 18. c5 dxc5 19. exf4 exf4 20. Ne4 Bh3 21. f3 c4+ 22. Kh1 Bxg2+ 23. Kxg2 Nf5 24. Re1 Rfd8 25. Rxc4 Ne3+ 26. Rxe3 Bxe3 27. Nd6 Rb8 28. Qa1 c5 29. Qa2 Qe6 30. Nf5 Qxf5 0-1

[Event "North Bay int"]
[Site "North Bay CAN"]
[Date "1998.08.08"]
[Round "8"]
[White "Whitehead, Jay"]
[Black "Rajlich, Vasik"]
[Result "1-0"]
[WhiteElo "2410"]
[BlackElo "2270"]
[PlyCount "69"]
[GameId "2160767911806769"]
[EventDate "1998.08.05"]
[EventType "swiss"]
[EventRounds "9"]
[EventCountry "CAN"]
[SourceTitle "EXT 1999"]
[Source "ChessBase"]
[SourceDate "1998.11.10"]
[SourceVersion "1"]
[SourceVersionDate "1998.11.10"]
[SourceQuality "1"]

1. d4 Nf6 2. c4 g6 3. Nc3 Bg7 4. e4 d6 5. Be2 O-O 6. Bg5 Na6 7. Qd2 e5 8. Nf3 exd4 9. Nxd4 c6 10. Rd1 Re8 11. O-O Nc5 12. f3 Qb6 13. Kh1 a5 14. b3 a4 15. b4 Ne6 16. Nxe6 Rxe6 17. a3 Ne8 18. Be3 Qd8 19. Bd3 Qf6 20. Rc1 h5 21. f4 Qh4 22. f5 gxf5 23. Bg5 Qg4 24. h3 Qg3 25. Ne2 Qe5 26. exf5 Rf6 27. Bf4 Qe7 28. Ng3 h4 29. Rce1 Qf8 30. Nh5 Rxf5 31. Rxe8 Qxe8 32. Nxg7 Kxg7 33. Bh6+ Kh7 34. Qg5 Qe5 35. Qh5 1-0

[Event "North Bay int"]
[Site "North Bay CAN"]
[Date "1998.08.08"]
[Round "8"]
[White "Yee, Lorne"]
[Black "Shapiro, Daniel"]
[Result "1/2-1/2"]
[WhiteElo "2263"]
[BlackElo "2305"]
[PlyCount "81"]
[GameId "2160767911806770"]
[EventDate "1998.08.05"]
[EventType "swiss"]
[EventRounds "9"]
[EventCountry "CAN"]
[SourceTitle "EXT 99"]
[Source "ChessBase"]
[SourceDate "1998.11.10"]
[SourceVersion "1"]
[SourceVersionDate "1998.11.10"]
[SourceQuality "1"]

1. d4 Nf6 2. Nf3 e6 3. Bf4 c5 4. c3 b6 5. e3 Be7 6. h3 O-O 7. Bd3 Bb7 8. Nbd2 cxd4 9. exd4 d6 10. Qe2 Nbd7 11. O-O Re8 12. Rad1 Qc7 13. Ne4 Nf8 14. Nxf6+ Bxf6 15. Be4 Bxe4 16. Qxe4 b5 17. d5 e5 18. Bg5 Bxg5 19. Nxg5 h6 20. Nf3 Nd7 21. Nd2 Nb6 22. Qd3 a6 23. b3 Rac8 24. Rc1 Qc5 25. c4 Qa3 26. Rc2 Rc5 27. Nb1 Qa5 28. cxb5 Rxd5 29. Qf3 e4 30. Qf4 Qxb5 31. Rc7 f6 32. Qg3 Rg5 33. Qxd6 e3 34. fxe3 Nd5 35. h4 Rge5 36. Rd7 Nxe3 37. Rxg7+ Kxg7 38. Qxf6+ Kh7 39. Qf7+ Kh8 40. Qf6+ Kh7 41. Qf7+ 1/2-1/2

[Event "North Bay int"]
[Site "North Bay CAN"]
[Date "1998.08.08"]
[Round "8"]
[White "Zaderman, Yuri"]
[Black "Levtchouk, George"]
[Result "0-1"]
[WhiteElo "2265"]
[BlackElo "2330"]
[PlyCount "70"]
[GameId "2160767911806772"]
[EventDate "1998.08.05"]
[EventType "swiss"]
[EventRounds "9"]
[EventCountry "CAN"]
[SourceTitle "EXT 99"]
[Source "ChessBase"]
[SourceDate "1998.11.10"]
[SourceVersion "1"]
[SourceVersionDate "1998.11.10"]
[SourceQuality "1"]

1. e4 g6 2. d4 Bg7 3. Bc4 d6 4. Nf3 Nf6 5. Qe2 O-O 6. O-O Bg4 7. h3 Bxf3 8. Qxf3 Nc6 9. c3 e5 10. Bb5 exd4 11. Bxc6 bxc6 12. cxd4 Nd7 13. Rd1 c5 14. dxc5 Nxc5 15. Nc3 Re8 16. Bf4 Bxc3 17. Qxc3 Rxe4 18. Be3 Ne6 19. Qc6 Re5 20. Rac1 a5 21. b3 Qe8 22. Qf3 a4 23. Rc4 axb3 24. axb3 Rb8 25. Bd2 d5 26. Qf6 Rf5 27. Qc3 dxc4 28. Bh6 cxb3 29. Re1 f6 30. Qc4 Re5 31. Rb1 b2 32. Bd2 Qb5 33. Qh4 Qd3 34. Qxf6 Qxb1+ 35. Kh2 Qf5 0-1

[Event "North Bay int"]
[Site "North Bay CAN"]
[Date "1998.08.09"]
[Round "9"]
[White "Betaneli, Alexander"]
[Black "Howarth, Anthony"]
[Result "1/2-1/2"]
[WhiteElo "2340"]
[BlackElo "2214"]
[PlyCount "57"]
[GameId "2160767911806773"]
[EventDate "1998.08.05"]
[EventType "swiss"]
[EventRounds "9"]
[EventCountry "CAN"]
[SourceTitle "EXT 99"]
[Source "ChessBase"]
[SourceDate "1998.11.10"]
[SourceVersion "1"]
[SourceVersionDate "1998.11.10"]
[SourceQuality "1"]

1. c4 g6 2. e4 Bg7 3. d4 d6 4. Nc3 c5 5. Nge2 cxd4 6. Nxd4 Nc6 7. Be3 Nf6 8. Be2 O-O 9. Qd2 Bd7 10. Nc2 a5 11. Bh6 a4 12. h4 Qa5 13. Bxg7 Kxg7 14. h5 gxh5 15. Ne3 Rg8 16. Ned5 Nxd5 17. exd5 Ne5 18. Rxh5 Kf8 19. Rxh7 Bf5 20. Qh6+ Ke8 21. Rg7 Rxg7 22. Qxg7 a3 23. b4 Qxb4 24. Rc1 Kd7 25. Qg5 Nd3+ 26. Bxd3 Bxd3 27. Qg4+ f5 28. Qg6 Qb2 29. g3 1/2-1/2

[Event "North Bay int"]
[Site "North Bay CAN"]
[Date "1998.08.09"]
[Round "9"]
[White "Cormos, Eugene"]
[Black "Djerkovic, Miladin"]
[Result "0-1"]
[WhiteElo "2095"]
[BlackElo "2265"]
[PlyCount "46"]
[GameId "2160767911806775"]
[EventDate "1998.08.05"]
[EventType "swiss"]
[EventRounds "9"]
[EventCountry "CAN"]
[SourceTitle "EXT 99"]
[Source "ChessBase"]
[SourceDate "1998.11.10"]
[SourceVersion "1"]
[SourceVersionDate "1998.11.10"]
[SourceQuality "1"]

1. e4 e5 2. Nf3 Nc6 3. Bc4 Bc5 4. c3 Nf6 5. O-O Nxe4 6. d4 d5 7. dxc5 dxc4 8. Qxd8+ Kxd8 9. Rd1+ Bd7 10. Be3 Ke7 11. Nfd2 Nxd2 12. Rxd2 Be6 13. Na3 a6 14. Rad1 Rad8 15. Nc2 Rxd2 16. Rxd2 Rd8 17. Nb4 Nb8 18. Rxd8 Kxd8 19. Nc2 Kd7 20. f4 f6 21. h3 a5 22. Ne1 exf4 23. Bxf4 Na6 0-1

[Event "North Bay int"]
[Site "North Bay CAN"]
[Date "1998.08.09"]
[Round "9"]
[White "Day, Lawrence"]
[Black "Curdo, John"]
[Result "0-1"]
[WhiteElo "2355"]
[BlackElo "2295"]
[PlyCount "66"]
[GameId "2160767911806776"]
[EventDate "1998.08.05"]
[EventType "swiss"]
[EventRounds "9"]
[EventCountry "CAN"]
[SourceTitle "EXT 1999"]
[Source "ChessBase"]
[SourceDate "1998.11.10"]
[SourceVersion "1"]
[SourceVersionDate "1998.11.10"]
[SourceQuality "1"]

1. e4 e5 2. f4 Bc5 3. Nf3 d6 4. c3 Bb6 5. d4 exd4 6. cxd4 Bg4 7. Bb5+ c6 8. Be2 Nf6 9. Nc3 O-O 10. h3 Bxf3 11. Bxf3 d5 12. e5 Ne4 13. O-O f6 14. Be3 fxe5 15. fxe5 Ng3 16. Re1 Nd7 17. Bf2 Nf5 18. Qd2 Qe8 19. Qd3 Qg6 20. Rad1 Rae8 21. b4 Kh8 22. Rd2 Nxd4 23. Bxd4 Bxd4+ 24. Qxd4 Rxf3 25. Kh1 Qg3 26. Rc1 Re3 27. Ne2 Qg5 28. Ng1 Re4 29. Qf2 Nxe5 30. Rf1 h6 31. Re2 Nd3 32. Qf3 Rxe2 33. Nxe2 Qe3 0-1

[Event "North Bay int"]
[Site "North Bay CAN"]
[Date "1998.08.09"]
[Round "9"]
[White "Dutton, Warren"]
[Black "Ciaffone, Robert"]
[Result "0-1"]
[WhiteElo "2025"]
[BlackElo "2205"]
[PlyCount "66"]
[GameId "2160767911806777"]
[EventDate "1998.08.05"]
[EventType "swiss"]
[EventRounds "9"]
[EventCountry "CAN"]
[SourceTitle "EXT 1999"]
[Source "ChessBase"]
[SourceDate "1998.11.10"]
[SourceVersion "1"]
[SourceVersionDate "1998.11.10"]
[SourceQuality "1"]

1. e4 c5 2. Nc3 Nc6 3. g3 g6 4. Bg2 Bg7 5. d3 d6 6. Nge2 Rb8 7. Be3 Nd4 8. Nc1 b5 9. Qd2 b4 10. Nd1 e6 11. c3 bxc3 12. bxc3 Nc6 13. O-O Ba6 14. f4 Nge7 15. g4 f5 16. exf5 gxf5 17. gxf5 exf5 18. Qe2 O-O 19. Rf3 Qe8 20. Bf2 Ng6 21. Re3 Qd7 22. Qf3 Nce7 23. Ne2 Bb7 24. Qh5 Bxg2 25. Kxg2 Nd5 26. Rf3 Rfe8 27. Ne3 Nxe3+ 28. Bxe3 Rb2 29. Kf1 Qb7 30. Re1 Qd5 31. c4 Qxd3 32. Bf2 Qxc4 33. Rh3 Rbxe2 0-1

[Event "North Bay int"]
[Site "North Bay CAN"]
[Date "1998.08.09"]
[Round "9"]
[White "Ellis, James"]
[Black "Palsson, Halldor"]
[Result "1-0"]
[WhiteElo "2271"]
[BlackElo "2145"]
[PlyCount "85"]
[GameId "2160767911806779"]
[EventDate "1998.08.05"]
[EventType "swiss"]
[EventRounds "9"]
[EventCountry "CAN"]
[SourceTitle "EXT 99"]
[Source "ChessBase"]
[SourceDate "1998.11.10"]
[SourceVersion "1"]
[SourceVersionDate "1998.11.10"]
[SourceQuality "1"]

1. e4 e6 2. d4 d5 3. Nd2 Nf6 4. e5 Nfd7 5. c3 c5 6. Bd3 Nc6 7. Ne2 cxd4 8. cxd4 f6 9. exf6 Nxf6 10. Nf3 Bd6 11. O-O Qc7 12. Bg5 O-O 13. Bh4 Nh5 14. Qc2 h6 15. Bh7+ Kh8 16. Bg6 Nf4 17. Nxf4 Rxf4 18. Bg3 Rf8 19. a3 Bxg3 20. hxg3 Qb6 21. Rad1 Bd7 22. Qd2 Be8 23. Bc2 g5 24. Qd3 Qc7 25. Rc1 Qg7 26. Qe3 Bd7 27. Ba4 Rf6 28. Bxc6 Bxc6 29. Ne5 Bb5 30. Rfe1 Raf8 31. Rc2 Qh7 32. Rec1 Be8 33. b3 Bc6 34. Rc5 Qc7 35. b4 Qd6 36. b5 Be8 37. Qd3 Bf7 38. Rc7 Kg7 39. Kh2 Rf5 40. Rxb7 h5 41. Rc6 Qd8 42. Rcc7 h4 43. g4 1-0

[Event "North Bay int"]
[Site "North Bay CAN"]
[Date "1998.08.09"]
[Round "9"]
[White "Goldenberg, Danny"]
[Black "Zaderman, Yuri"]
[Result "1/2-1/2"]
[WhiteElo "2325"]
[BlackElo "2265"]
[PlyCount "52"]
[GameId "2160767911806781"]
[EventDate "1998.08.05"]
[EventType "swiss"]
[EventRounds "9"]
[EventCountry "CAN"]
[SourceTitle "EXT 99"]
[Source "ChessBase"]
[SourceDate "1998.11.10"]
[SourceVersion "1"]
[SourceVersionDate "1998.11.10"]
[SourceQuality "1"]

1. e4 e5 2. Nf3 Nc6 3. Bc4 Bc5 4. O-O Nf6 5. d3 d6 6. c3 Bb6 7. Re1 h6 8. h3 Be6 9. Nbd2 Qd7 10. Bxe6 fxe6 11. a4 a6 12. Nc4 Ba7 13. a5 O-O 14. Be3 Qf7 15. Qc2 Nh5 16. Bxa7 Rxa7 17. Re3 Nf4 18. Rd1 Qh5 19. d4 Nxh3+ 20. gxh3 Rxf3 21. Rxf3 Qxf3 22. dxe5 d5 23. exd5 exd5 24. Ne3 Ra8 25. Qf5 Qxf5 26. Nxf5 Rf8 1/2-1/2

[Event "North Bay int"]
[Site "North Bay CAN"]
[Date "1998.08.09"]
[Round "9"]
[White "Hummel, Patrick"]
[Black "Johnstone, Glenn"]
[Result "1/2-1/2"]
[WhiteElo "2240"]
[BlackElo "2265"]
[PlyCount "121"]
[GameId "2160767911806783"]
[EventDate "1998.08.05"]
[EventType "swiss"]
[EventRounds "9"]
[EventCountry "CAN"]
[SourceTitle "EXT 99"]
[Source "ChessBase"]
[SourceDate "1998.11.10"]
[SourceVersion "1"]
[SourceVersionDate "1998.11.10"]
[SourceQuality "1"]

1. d4 e6 2. c4 Nf6 3. Nc3 Bb4 4. Qc2 d5 5. cxd5 exd5 6. Bg5 c6 7. e3 Nbd7 8. Bd3 h6 9. Bh4 Nf8 10. Nge2 Ne6 11. O-O O-O 12. f3 Be7 13. Rad1 Kh8 14. Kh1 b6 15. Bf2 Bb7 16. Bf5 Ng5 17. h4 Ngh7 18. g4 Rg8 19. Kg2 g6 20. Bd3 h5 21. g5 Ne8 22. Bg3 Bd6 23. e4 Bc8 24. exd5 cxd5 25. Rh1 Nf8 26. Nxd5 Bxg3 27. Nxg3 Ne6 28. Be4 Bb7 29. Nc3 Rb8 30. Bxb7 Rxb7 31. Qe4 Nd6 32. Qe5+ Ng7 33. d5 Re8 34. Qd4 Rc7 35. Nce4 Rc2+ 36. Rd2 Rc4 37. Qd3 Ngf5 38. Nxf5 Nxf5 39. d6 Rc6 40. Qb5 Qa8 41. d7 Rd8 42. Qe5+ Kg8 43. Nf6+ Kf8 44. Nd5 Kg8 45. Ne7+ Nxe7 46. Qxe7 Re6 47. Qa3 Qc6 48. Rhd1 Qc4 49. Kg3 Qc7+ 50. f4 Re4 51. Qf3 Re7 52. Rd6 Rexd7 53. Rxd7 Rxd7 54. Rxd7 Qxd7 55. Qe2 Kf8 56. a3 a5 57. Kf2 Qd4+ 58. Kg3 Qd7 59. Kh2 Qd4 60. Kg3 Qd7 61. Kh2 1/2-1/2

[Event "North Bay int"]
[Site "North Bay CAN"]
[Date "1998.08.09"]
[Round "9"]
[White "Larochelle, Martial"]
[Black "Gamback, Bjorn"]
[Result "1/2-1/2"]
[WhiteElo "2282"]
[BlackElo "2215"]
[PlyCount "22"]
[GameId "2160767911806785"]
[EventDate "1998.08.05"]
[EventType "swiss"]
[EventRounds "9"]
[EventCountry "CAN"]
[SourceTitle "EXT 99"]
[Source "ChessBase"]
[SourceDate "1998.11.10"]
[SourceVersion "1"]
[SourceVersionDate "1998.11.10"]
[SourceQuality "1"]

1. e4 c5 2. Nf3 d6 3. Nc3 g6 4. d4 Bg7 5. Be3 cxd4 6. Bxd4 Nf6 7. Nd5 Nbd7 8. c4 e5 9. Be3 Nxe4 10. Bd3 Ndc5 11. b4 Nxd3+ 1/2-1/2

[Event "North Bay int"]
[Site "North Bay CAN"]
[Date "1998.08.09"]
[Round "9"]
[White "Levtchouk, George"]
[Black "Olszewski, Piotr"]
[Result "0-1"]
[WhiteElo "2330"]
[BlackElo "2315"]
[PlyCount "72"]
[GameId "2160767911806786"]
[EventDate "1998.08.05"]
[EventType "swiss"]
[EventRounds "9"]
[EventCountry "CAN"]
[SourceTitle "EXT 99"]
[Source "ChessBase"]
[SourceDate "1998.11.10"]
[SourceVersion "1"]
[SourceVersionDate "1998.11.10"]
[SourceQuality "1"]

1. d4 c5 2. d5 Nf6 3. c4 e6 4. Nc3 exd5 5. cxd5 Bd6 6. Nf3 O-O 7. Bg5 Bc7 8. e3 d6 9. Be2 a6 10. a4 Nbd7 11. O-O Re8 12. Nd2 Rb8 13. e4 h6 14. Bh4 Nf8 15. Qc2 Ng6 16. Bg3 Ne5 17. h3 Bd7 18. Rfe1 b5 19. axb5 axb5 20. Bf1 c4 21. b4 Bb6 22. Bf4 Ra8 23. Rxa8 Qxa8 24. Be3 Bxe3 25. Rxe3 Qa7 26. Re1 Nh5 27. Rb1 Nf4 28. Nd1 Ra8 29. Qc3 Qa2 30. Qe3 g5 31. Rb2 Qa7 32. Qc3 Qa1 33. Rb1 Qxc3 34. Nxc3 Ra3 35. Nd1 c3 36. Rb3 c2 0-1

[Event "North Bay int"]
[Site "North Bay CAN"]
[Date "1998.08.09"]
[Round "9"]
[White "Mayo, Alvah"]
[Black "Fernandez, Daniel"]
[Result "0-1"]
[WhiteElo "2154"]
[BlackElo "2145"]
[PlyCount "42"]
[GameId "2160767911806787"]
[EventDate "1998.08.05"]
[EventType "swiss"]
[EventRounds "9"]
[EventCountry "CAN"]
[SourceTitle "EXT 99"]
[Source "ChessBase"]
[SourceDate "1998.11.10"]
[SourceVersion "1"]
[SourceVersionDate "1998.11.10"]
[SourceQuality "1"]

1. e4 d5 2. exd5 Nf6 3. Bb5+ Bd7 4. Bxd7+ Qxd7 5. c4 c6 6. dxc6 Nxc6 7. Nf3 e5 8. Nc3 Qg4 9. O-O Qxc4 10. Re1 O-O-O 11. Nxe5 Nxe5 12. Rxe5 Bd6 13. Re3 Ng4 14. Rh3 Nxf2 15. Kxf2 Bc5+ 16. Re3 Qh4+ 17. Ke2 Bxe3 18. Qf1 Qc4+ 19. Ke1 Bxd2+ 20. Bxd2 Qxf1+ 21. Kxf1 Rxd2 0-1

[Event "North Bay int"]
[Site "North Bay CAN"]
[Date "1998.08.09"]
[Round "9"]
[White "Peredun, Andrew"]
[Black "Feldman, Steven"]
[Result "0-1"]
[WhiteElo "2234"]
[BlackElo "2325"]
[PlyCount "80"]
[GameId "2160767911806789"]
[EventDate "1998.08.05"]
[EventType "swiss"]
[EventRounds "9"]
[EventCountry "CAN"]
[SourceTitle "EXT 99"]
[Source "ChessBase"]
[SourceDate "1998.11.10"]
[SourceVersion "1"]
[SourceVersionDate "1998.11.10"]
[SourceQuality "1"]

1. e4 c5 2. Nf3 Nc6 3. Nc3 e6 4. d4 cxd4 5. Nxd4 Qc7 6. g3 a6 7. Bg2 Nf6 8. O-O Bc5 9. Be3 Ne5 10. Bf4 O-O 11. Nf3 d6 12. Nxe5 dxe5 13. Bg5 Be7 14. a4 Bd7 15. Qe2 h6 16. Be3 Bc5 17. Bxc5 Qxc5 18. Nd1 b5 19. a5 b4 20. c4 Bc6 21. Re1 Rfd8 22. b3 Rd4 23. Qc2 Rad8 24. Re2 Rd3 25. Ne3 Qd4 26. Ree1 Rd2 27. Qxd2 Qxd2 28. Red1 Qxd1+ 29. Rxd1 Rxd1+ 30. Nxd1 Bxe4 31. Ne3 Bxg2 32. Kxg2 Ne4 33. Nc2 Nc5 34. Nxb4 Nxb3 35. Nxa6 Nxa5 36. c5 Kf8 37. Kf3 Ke7 38. Ke4 Kd7 39. Kxe5 Nc6+ 40. Ke4 Kc8 0-1

[Event "North Bay int"]
[Site "North Bay CAN"]
[Date "1998.08.09"]
[Round "9"]
[White "Puri, Vinny"]
[Black "Urquhart, Eddie"]
[Result "1/2-1/2"]
[WhiteElo "2260"]
[BlackElo "2207"]
[PlyCount "32"]
[GameId "2160767911806790"]
[EventDate "1998.08.05"]
[EventType "swiss"]
[EventRounds "9"]
[EventCountry "CAN"]
[SourceTitle "EXT 99"]
[Source "ChessBase"]
[SourceDate "1998.11.10"]
[SourceVersion "1"]
[SourceVersionDate "1998.11.10"]
[SourceQuality "1"]

1. c4 e5 2. Nc3 d6 3. g3 f5 4. Bg2 Nf6 5. d3 Be7 6. e3 O-O 7. Nge2 c6 8. O-O Na6 9. f4 Qe8 10. Rb1 Bd7 11. b4 Nc7 12. c5 Rb8 13. cxd6 Bxd6 14. e4 exf4 15. gxf4 Be7 16. Ng3 Qg6 1/2-1/2

[Event "North Bay int"]
[Site "North Bay CAN"]
[Date "1998.08.09"]
[Round "9"]
[White "Rajlich, Vasik"]
[Black "Khassanov, Marat"]
[Result "1-0"]
[WhiteElo "2270"]
[BlackElo "2320"]
[PlyCount "39"]
[GameId "2160767911806791"]
[EventDate "1998.08.05"]
[EventType "swiss"]
[EventRounds "9"]
[EventCountry "CAN"]
[SourceTitle "EXT 1999"]
[Source "ChessBase"]
[SourceDate "1998.11.10"]
[SourceVersion "1"]
[SourceVersionDate "1998.11.10"]
[SourceQuality "1"]

1. e4 d5 2. exd5 Nf6 3. c4 c6 4. d4 cxd5 5. Nc3 g6 6. cxd5 Nxd5 7. Qf3 Nb6 8. Bb5+ N8d7 9. Bf4 Bg7 10. Qg3 O-O 11. Bc7 Qe8 12. Nf3 f6 13. Bxb6 axb6 14. Nd5 e5 15. Nc7 Qe7 16. Bc4+ Kh8 17. Nxa8 Qb4+ 18. Nd2 exd4 19. Qa3 Re8+ 20. Kd1 1-0

[Event "North Bay int"]
[Site "North Bay CAN"]
[Date "1998.08.09"]
[Round "9"]
[White "Serper, Grigory"]
[Black "Nogueiras, Jesus"]
[Result "1/2-1/2"]
[WhiteElo "2535"]
[BlackElo "2510"]
[PlyCount "21"]
[GameId "2160767911806793"]
[EventDate "1998.08.05"]
[EventType "swiss"]
[EventRounds "9"]
[EventCountry "CAN"]
[SourceTitle "EXT 1999"]
[Source "ChessBase"]
[SourceDate "1998.11.10"]
[SourceVersion "1"]
[SourceVersionDate "1998.11.10"]
[SourceQuality "1"]

1. c4 e6 2. Nc3 d5 3. d4 c6 4. e4 dxe4 5. Nxe4 Bb4+ 6. Nc3 c5 7. a3 Ba5 8. Be3 Nf6 9. dxc5 Bxc3+ 10. bxc3 Qa5 11. Nf3 1/2-1/2

[Event "North Bay int"]
[Site "North Bay CAN"]
[Date "1998.08.09"]
[Round "9"]
[White "Shapiro, Daniel"]
[Black "Friedman, Josef"]
[Result "1-0"]
[WhiteElo "2305"]
[BlackElo "2195"]
[PlyCount "119"]
[GameId "2160767911806794"]
[EventDate "1998.08.05"]
[EventType "swiss"]
[EventRounds "9"]
[EventCountry "CAN"]
[SourceTitle "EXT 1999"]
[Source "ChessBase"]
[SourceDate "1998.11.10"]
[SourceVersion "1"]
[SourceVersionDate "1998.11.10"]
[SourceQuality "1"]

1. d4 Nf6 2. c4 c5 3. d5 e5 4. Nc3 d6 5. e4 Be7 6. g3 O-O 7. Bg2 Na6 8. Nge2 Nc7 9. O-O Bd7 10. f4 Nfe8 11. f5 Bg5 12. a4 Bxc1 13. Nxc1 a5 14. Qf3 Na6 15. Nd3 Nb4 16. Ne1 Qg5 17. h4 Qe7 18. Nd1 Kh8 19. b3 Kg8 20. Rb1 f6 21. Rb2 Nc7 22. Bh3 Rfd8 23. Rg2 Qf7 24. g4 Kf8 25. g5 Ke7 26. Kf2 Rh8 27. Rg3 Rag8 28. Ke2 Kd8 29. Ne3 Qe7 30. Rfg1 Ne8 31. Qg2 Rf8 32. Nf3 Kc8 33. Kd2 Qd8 34. Bg4 Qb6 35. Kc3 Na6 36. Nc2 Nb4 37. Nce1 h5 38. Bh3 Na6 39. Nd3 Nb4 40. Nfe1 Qd8 41. Qe2 Rh7 42. Nf2 fxg5 43. Rxg5 Rfh8 44. Nf3 Qe7 45. R5g3 Kb8 46. Nd1 Na6 47. Ng5 Rh6 48. Ne3 Nf6 49. Qg2 Ne8 50. Qh2 Nf6 51. Qg2 Ne8 52. Qh1 Nf6 53. Ne6 Ng4 54. Bxg4 hxg4 55. Rxg4 Rxh4 56. Rxh4 Rxh4 57. Qg2 Rh7 58. Qg5 Qf7 59. Nxg7 Rh3 60. Ne6 1-0

[Event "North Bay int"]
[Site "North Bay CAN"]
[Date "1998.08.09"]
[Round "9"]
[White "Tyomkin, Dimitri"]
[Black "Whitehead, Jay"]
[Result "1-0"]
[WhiteElo "2465"]
[BlackElo "2410"]
[PlyCount "115"]
[GameId "2160767911806797"]
[EventDate "1998.08.05"]
[EventType "swiss"]
[EventRounds "9"]
[EventCountry "CAN"]
[SourceTitle "EXT 1999"]
[Source "ChessBase"]
[SourceDate "1998.11.10"]
[SourceVersion "1"]
[SourceVersionDate "1998.11.10"]
[SourceQuality "1"]

1. d4 Nf6 2. Nf3 d6 3. Bg5 Nbd7 4. Nbd2 e5 5. dxe5 dxe5 6. e4 Bc5 7. Be2 O-O 8. O-O h6 9. Bh4 Re8 10. c3 a5 11. Qc2 c6 12. a4 Qc7 13. Rfd1 Nh5 14. Nb3 Bf8 15. Nfd2 Nf4 16. Bf1 Nc5 17. f3 Nxb3 18. Nxb3 Be6 19. Bf2 f6 20. Nd2 Qf7 21. b3 Qg6 22. Kh1 b5 23. g3 Nh3 24. Be3 Reb8 25. axb5 cxb5 26. c4 Rc8 27. c5 Qe8 28. Rdc1 Qc6 29. Qd3 Rcb8 30. Bg2 Rd8 31. Qe2 Ng5 32. f4 Nf7 33. f5 Bd7 34. Nb1 Rdc8 35. Qe1 b4 36. Nd2 a4 37. bxa4 Rxa4 38. Nb3 Qa8 39. h4 Bc6 40. Rxa4 Qxa4 41. Qd1 Qa2 42. Ra1 Qb2 43. Bd2 Rd8 44. Rb1 Qa3 45. Qc2 Qa4 46. Qc4 Qa2 47. Ra1 Bb5 48. Qxf7+ Kxf7 49. Rxa2 Bc4 50. Ra7+ Kg8 51. Na5 Bxc5 52. Rc7 Rxd2 53. Rxc5 Rd1+ 54. Kh2 Ba2 55. Rc2 b3 56. Rb2 Rd3 57. Bf1 Rc3 58. Nxb3 1-0

[Event "North Bay int"]
[Site "North Bay CAN"]
[Date "1998.08.09"]
[Round "9"]
[White "Wen, Jean-Francois"]
[Black "Collins, Chris"]
[Result "1/2-1/2"]
[WhiteElo "2217"]
[BlackElo "2232"]
[PlyCount "36"]
[GameId "2160767911806798"]
[EventDate "1998.08.05"]
[EventType "swiss"]
[EventRounds "9"]
[EventCountry "CAN"]
[SourceTitle "EXT 99"]
[Source "ChessBase"]
[SourceDate "1998.11.10"]
[SourceVersion "1"]
[SourceVersionDate "1998.11.10"]
[SourceQuality "1"]

1. Nf3 Nf6 2. d4 g6 3. c4 Bg7 4. Nc3 d6 5. e4 O-O 6. Be2 Nbd7 7. O-O e5 8. d5 Nc5 9. Qc2 a5 10. Be3 Ng4 11. Bg5 f6 12. Bc1 f5 13. Bg5 Bf6 14. Bxf6 Nxf6 15. Nd2 f4 16. Nb3 b6 17. Nxc5 bxc5 18. f3 g5 1/2-1/2